<?xml version='1.0' encoding='UTF-8'?>
  <record xmlns="http://www.loc.gov/MARC21/slim">
    <leader>00000cam a22000007i 4500</leader>
    <controlfield tag="001">ocm68522301</controlfield>
    <controlfield tag="003">OCoLC</controlfield>
    <controlfield tag="005">20250827075246.3</controlfield>
    <controlfield tag="008">970822m15541558fr a          001 0 ger d</controlfield>
    <datafield tag="040" ind1=" " ind2=" ">
      <subfield code="a">NLGGC</subfield>
      <subfield code="b">eng</subfield>
      <subfield code="e">rda</subfield>
      <subfield code="e">dcrmr</subfield>
      <subfield code="c">NLGGC</subfield>
      <subfield code="d">OCLCO</subfield>
      <subfield code="d">QGJ</subfield>
      <subfield code="d">OCLCL</subfield>
      <subfield code="d">QGJ</subfield>
      <subfield code="d">OCLCO</subfield>
      <subfield code="d">QGJ</subfield>
    </datafield>
    <datafield tag="029" ind1="0" ind2=" ">
      <subfield code="a">NLGGC</subfield>
      <subfield code="b">16081832X</subfield>
    </datafield>
    <datafield tag="035" ind1=" " ind2=" ">
      <subfield code="a">(OCoLC)68522301</subfield>
    </datafield>
    <datafield tag="100" ind1="1" ind2=" ">
      <subfield code="a">Rabus, Ludwig,</subfield>
      <subfield code="d">1524-1592,</subfield>
      <subfield code="e">author.</subfield>
      <subfield code="4">aut</subfield>
      <subfield code="1">https://id.oclc.org/worldcat/entity/E39PBJhMk7KtXJmqF7HYbb9v73</subfield>
    </datafield>
    <datafield tag="245" ind1="1" ind2="0">
      <subfield code="a">Historien. Der Heyligen Außerwölten Gottes Zeügen, Bekennern vnd Martyrern, so in Angehender ersten Kirchen, Altes vnd Neüwes Testaments, zů jeder zeyt gewesen seind. :</subfield>
      <subfield code="b">Ausz H. Göttlicher, vnd der Alten Lehrer Glaubwürdigen Schrifften, zů gemeyner Auffbauwung vnnd Besserung der Angesochtenen Kirchen Teütcher Nation, /</subfield>
      <subfield code="c">warhafftig beschryben, Durch Ludouicum Rabus, von Memmingen, der H.Schrifft Doctorn, vnd Prediger der Kirchen zů Straßburg.</subfield>
    </datafield>
    <datafield tag="246" ind1="1" ind2="7">
      <subfield code="a">Von den H. Gottes Bekeñ[n]ern vnd Martyrern</subfield>
    </datafield>
    <datafield tag="264" ind1=" " ind2="1">
      <subfield code="a">Getruckt zů Straßburg :</subfield>
      <subfield code="b">durch Samuel Emmel.,</subfield>
      <subfield code="c">M.D.LIIII-M.D.LVIII [1554-1558]</subfield>
    </datafield>
    <datafield tag="300" ind1=" " ind2=" ">
      <subfield code="a">8 volumes :</subfield>
      <subfield code="b">illustrations ;</subfield>
      <subfield code="c">21 cm (4to)</subfield>
    </datafield>
    <datafield tag="336" ind1=" " ind2=" ">
      <subfield code="a">text</subfield>
      <subfield code="b">txt</subfield>
      <subfield code="2">rdacontent</subfield>
    </datafield>
    <datafield tag="337" ind1=" " ind2=" ">
      <subfield code="a">unmediated</subfield>
      <subfield code="b">n</subfield>
      <subfield code="2">rdamedia</subfield>
    </datafield>
    <datafield tag="338" ind1=" " ind2=" ">
      <subfield code="a">volume</subfield>
      <subfield code="b">nc</subfield>
      <subfield code="2">rdacarrier</subfield>
    </datafield>
    <datafield tag="340" ind1=" " ind2=" ">
      <subfield code="m">4to</subfield>
      <subfield code="2">rdabf</subfield>
    </datafield>
    <datafield tag="500" ind1=" " ind2=" ">
      <subfield code="a">Colophon: volumes 2-7: Getruckt zů Straszburg durch Samuel Emmel. M.D.LIIII-M.D.LVII; volume 8: Getruckt zu Straszburg, bey Samuel Emmel, im Jar, M.D.LVIII.</subfield>
    </datafield>
    <datafield tag="500" ind1=" " ind2=" ">
      <subfield code="a">Title varies.</subfield>
    </datafield>
    <datafield tag="500" ind1=" " ind2=" ">
      <subfield code="a">Title pages in red and black.</subfield>
    </datafield>
    <datafield tag="500" ind1=" " ind2=" ">
      <subfield code="a">Initials and printed marginalia.</subfield>
    </datafield>
    <datafield tag="500" ind1=" " ind2=" ">
      <subfield code="a">Signatures volume 1: []⁴, )(⁴, A-Z⁴, a-z⁴, Aa-Tt⁴.</subfield>
    </datafield>
    <datafield tag="500" ind1=" " ind2=" ">
      <subfield code="a">Signatures volume 2: []⁴, )(⁴, A-Z⁴, a-z⁴, Aa-Zz⁴, AA-HH⁴.</subfield>
    </datafield>
    <datafield tag="500" ind1=" " ind2=" ">
      <subfield code="a">Signatures volume 3: []⁴, ¹A-C⁴, ²A-Z⁴, a-z⁴, Aa-Nn⁴ (¹C4 blank).</subfield>
    </datafield>
    <datafield tag="500" ind1=" " ind2=" ">
      <subfield code="a">Signatures volume 4: []⁴,*⁴, )(⁴, A-Z⁸, Aa-Nn⁸ Oo¹⁰.</subfield>
    </datafield>
    <datafield tag="500" ind1=" " ind2=" ">
      <subfield code="a">Signatures volume 5: []⁴, )(⁶, A-Z⁸, Aa-Ll⁸ Mm⁶ (Mm6 blank).</subfield>
    </datafield>
    <datafield tag="500" ind1=" " ind2=" ">
      <subfield code="a">Signatures volume  6: []⁴, *⁶, A-Z⁸, a-b⁸ c¹⁰.</subfield>
    </datafield>
    <datafield tag="500" ind1=" " ind2=" ">
      <subfield code="a">Signatures volume 7: []⁴, )(⁴, A-Z⁸, a-h⁸ i¹⁰ (i10 blank).</subfield>
    </datafield>
    <datafield tag="500" ind1=" " ind2=" ">
      <subfield code="a">Signatures volume 8: []⁸, A-Z⁸, a-o⁸ p⁴ (p4 blank).</subfield>
    </datafield>
    <datafield tag="500" ind1=" " ind2=" ">
      <subfield code="a">With indexes.</subfield>
    </datafield>
    <datafield tag="500" ind1=" " ind2=" ">
      <subfield code="a">Volume 2 contains contributions by Martin Crusius, and Jakob Fabricius of Chemnitz.</subfield>
    </datafield>
    <datafield tag="510" ind1="4" ind2=" ">
      <subfield code="3">Der Dritte Theil</subfield>
      <subfield code="a">Verzeichnis der im deutschen Sprachbereich erschienenen Drucke des 16. Jahrhunderts (VD 16),</subfield>
      <subfield code="c">R 38</subfield>
      <subfield code="u">https://gateway-bayern.de/VD16+R+38</subfield>
    </datafield>
    <datafield tag="510" ind1="4" ind2=" ">
      <subfield code="3">Der vierdte Theyl</subfield>
      <subfield code="a">Verzeichnis der im deutschen Sprachbereich erschienenen Drucke des 16. Jahrhunderts (VD 16),</subfield>
      <subfield code="c">R 41</subfield>
      <subfield code="u">https://gateway-bayern.de/VD16+R+41</subfield>
    </datafield>
    <datafield tag="510" ind1="4" ind2=" ">
      <subfield code="3">Der Fünffte Theyl</subfield>
      <subfield code="a">Verzeichnis der im deutschen Sprachbereich erschienenen Drucke des 16. Jahrhunderts (VD 16),</subfield>
      <subfield code="c">R 42</subfield>
      <subfield code="u">https://gateway-bayern.de/VD16+R+42</subfield>
    </datafield>
    <datafield tag="510" ind1="4" ind2=" ">
      <subfield code="3">Der Sechste Theyl</subfield>
      <subfield code="a">Verzeichnis der im deutschen Sprachbereich erschienenen Drucke des 16. Jahrhunderts (VD 16),</subfield>
      <subfield code="c">R 47</subfield>
      <subfield code="u">https://gateway-bayern.de/VD16+R+47</subfield>
    </datafield>
    <datafield tag="510" ind1="4" ind2=" ">
      <subfield code="3">Der Sybend Theyl</subfield>
      <subfield code="a">Verzeichnis der im deutschen Sprachbereich erschienenen Drucke des 16. Jahrhunderts (VD 16),</subfield>
      <subfield code="c">R 48</subfield>
      <subfield code="u">https://gateway-bayern.de/VD16+R+48</subfield>
    </datafield>
    <datafield tag="510" ind1="4" ind2=" ">
      <subfield code="3">Der Achte Theyl</subfield>
      <subfield code="a">Verzeichnis der im deutschen Sprachbereich erschienenen Drucke des 16. Jahrhunderts (VD 16),</subfield>
      <subfield code="c">R 50</subfield>
      <subfield code="u">https://gateway-bayern.de/VD16+R+50</subfield>
    </datafield>
    <datafield tag="700" ind1="1" ind2=" ">
      <subfield code="a">Crusius, Martin,</subfield>
      <subfield code="d">1526-1607,</subfield>
      <subfield code="e">contributor.</subfield>
      <subfield code="4">ctb</subfield>
      <subfield code="1">https://id.oclc.org/worldcat/entity/E39PBJhRHdh8Yh6TYfJ8kyYMfq</subfield>
    </datafield>
    <datafield tag="700" ind1="1" ind2=" ">
      <subfield code="a">Fabricius, Jacob,</subfield>
      <subfield code="d">1526-1572,</subfield>
      <subfield code="e">contributor.</subfield>
      <subfield code="4">ctb</subfield>
      <subfield code="1">https://id.oclc.org/worldcat/entity/E39PCjyjQTd3bfHbdgjXdwYfD3</subfield>
    </datafield>
    <datafield tag="700" ind1="1" ind2=" ">
      <subfield code="a">Emmel, Samuel,</subfield>
      <subfield code="e">printer.</subfield>
      <subfield code="4">prt</subfield>
      <subfield code="1">https://id.oclc.org/worldcat/entity/E39PBJqKfjtm4DMhy3w694BHG3</subfield>
    </datafield>
    <datafield tag="752" ind1=" " ind2=" ">
      <subfield code="a">France</subfield>
      <subfield code="d">Strasbourg,</subfield>
      <subfield code="e">publication place.</subfield>
      <subfield code="4">pup</subfield>
    </datafield>
    <datafield tag="758" ind1=" " ind2=" ">
      <subfield code="i">has work:</subfield>
      <subfield code="a">Historien der Heyligen Ausserwölten Gottes Zeugen, Bekennern und Martyrern, so zum theyl von diser zeyt, zum teyl aber zu disen unsern letsten zeysten,  darinnen der Allmechtig Ewig Gott seine Kirchen mit der reynen Lehr seines ... Euangelium vätterlichen heymgesucht hat, hin und wider in allen Landen worden seind (Text)</subfield>
      <subfield code="1">https://id.oclc.org/worldcat/entity/E39PCFJ4778WfFbRkypj7rc7H3</subfield>
      <subfield code="4">https://id.oclc.org/worldcat/ontology/hasWork</subfield>
    </datafield>
  </record>